Loading...
Current Events | 4 | 20.00 | 100% | 50% | 50% |
Fine Arts - Classical Music | 7 | 18.57 | 100% | 71% | 14% |
Fine Arts - Other Fine Arts | 6 | 13.33 | 83% | 33% | 17% |
Fine Arts - Painting and Sculpture | 4 | 17.50 | 100% | 75% | 0% |
Geography | 3 | 20.00 | 100% | 67% | 33% |
History - American History | 5 | 18.00 | 80% | 80% | 20% |
History - European History | 5 | 22.00 | 100% | 40% | 80% |
History - Other History | 3 | 23.33 | 100% | 67% | 67% |
History - World History | 11 | 20.00 | 100% | 82% | 18% |
Literature - Drama | 5 | 22.00 | 100% | 80% | 40% |
Literature - Long Fiction | 7 | 24.29 | 100% | 86% | 57% |
Literature - Misc Literature | 3 | 20.00 | 100% | 100% | 0% |
Literature - Poetry | 8 | 16.25 | 100% | 50% | 13% |
Literature - Short Fiction | 4 | 22.50 | 100% | 75% | 50% |
Mythology | 6 | 21.67 | 100% | 83% | 33% |
Other Academic | 7 | 20.00 | 100% | 71% | 29% |
Painting and Sculpture> | 1 | 20.00 | 100% | 100% | 0% |
Philosophy | 4 | 20.00 | 100% | 75% | 25% |
Religion | 5 | 20.00 | 100% | 80% | 20% |
Science - Biology | 6 | 21.67 | 100% | 83% | 33% |
Science - Chemistry | 7 | 18.57 | 100% | 86% | 0% |
Science - Other Science | 8 | 12.50 | 100% | 25% | 0% |
Science - Physics | 6 | 15.00 | 83% | 67% | 0% |
Social Science | 7 | 21.43 | 100% | 100% | 14% |